Biblioteca y Centro de Documentación

Environment in Europe, cooperation between local and regional authorities (Registro nro. 88)

Detalles MARC
000 -CABECERA
Longitud fija campo de control 01558nam a2200373 c 4500
001 - NÚMERO DE CONTROL
Número de control 88
003 - IDENTIFICADOR DE NÚMERO DE CONTROL
Identificador del número de control ES-MaCES
005 - FECHA Y HORA DE LA ÚLTIMA TRANSACCIÓN
Fecha y hora de la última transacción 20141221121452.0
008 - CAMPO FIJO DE DESCRIPCIÓN FIJA--INFORMACIÓN GENERAL
Códigos de información de longitud fija   941010s1992 fr ||| | eng d
020 ## - ISBN (INTERNATIONAL STANDARD BOOK NUMBER)
Número Internacional Normalizado para Libros (ISBN) 9287120587
035 ## - NÚMERO DE CONTROL DEL SISTEMA
Número de control del sistema CES19980000886m
040 ## - FUENTE DE CATALOGACIÓN
Centro catalogador de origen ES-MaCES
Lengua de catalogación spa
Centro transcriptor ES-MaCES
111 2# - ENCABEZAMIENTO PRINCIPAL--NOMBRE DE REUNIÓN
Nombre de congreso o jurisdicción como elemento de entrada Colloquy on Environment in Europe
Fecha del congreso 1991
Sede del congreso Siófok, Hungría
9 (RLIN) 2
245 10 - MENCIÓN DE TÍTULO
Título Environment in Europe, cooperation between local and regional authorities
Resto del título : working documents and conclusions of the Colloquy on Environment in Europe, co-operation between local and regional authorities (Siófok, Hungary, 5-6 June 1991)
Mención de responsabilidad, etc. [organised by] Standing Conference of Local and Regional Authorities of Europe
260 ## - PUBLICACIÓN, DISTRIBUCIÓN, ETC (PIE DE IMPRENTA)
Lugar de publicación, distribución, etc. Strasbourg
Nombre del editor, distribuidor, etc. Council of Europe, Publishing and Documentation Service
Fecha de publicación, distribución, etc. 1992
300 ## - DESCRIPCIÓN FÍSICA
Extensión 134 p.
Dimensiones 30 cm
490 1# - MENCIÓN DE SERIE
Mención de serie Studies and texts
Designación de volumen o secuencia no. 21
541 ## - NOTA DE LA FUENTE INMEDIANTE DE ADQUISICIÓN
Forma de adquisición Compra
650 #4 - ASIENTO SECUNDARIO DE MATERIA--TÉRMINO DE MATERIA
Término de materia o nombre geográfico como elemento inicial recursos hídricos
9 (RLIN) 28722
650 #4 - ASIENTO SECUNDARIO DE MATERIA--TÉRMINO DE MATERIA
Término de materia o nombre geográfico como elemento inicial contaminación del agua
9 (RLIN) 28741
650 #4 - ASIENTO SECUNDARIO DE MATERIA--TÉRMINO DE MATERIA
Término de materia o nombre geográfico como elemento inicial conservación de los recursos
9 (RLIN) 28755
650 #4 - ASIENTO SECUNDARIO DE MATERIA--TÉRMINO DE MATERIA
Término de materia o nombre geográfico como elemento inicial degradación del medio ambiente
9 (RLIN) 30722
650 #4 - ASIENTO SECUNDARIO DE MATERIA--TÉRMINO DE MATERIA
Término de materia o nombre geográfico como elemento inicial zona urbana
9 (RLIN) 28618
650 #4 - ASIENTO SECUNDARIO DE MATERIA--TÉRMINO DE MATERIA
Término de materia o nombre geográfico como elemento inicial gobierno local
9 (RLIN) 27219
650 #4 - ASIENTO SECUNDARIO DE MATERIA--TÉRMINO DE MATERIA
Término de materia o nombre geográfico como elemento inicial gobierno regional
9 (RLIN) 29907
650 #4 - ASIENTO SECUNDARIO DE MATERIA--TÉRMINO DE MATERIA
Término de materia o nombre geográfico como elemento inicial política ambiental
9 (RLIN) 29422
650 #4 - ASIENTO SECUNDARIO DE MATERIA--TÉRMINO DE MATERIA
Término de materia o nombre geográfico como elemento inicial estudio de casos
9 (RLIN) 28846
653 10 - TÉRMINO DE INDEXACIÓN--NO CONTROLADO
Término no controlado Medio ambiente
710 2# - ENCABEZAMIENTO SECUNDARIO--NOMBRE CORPORATIVO
Nombre de entidad o nombre de jurisdicción como elemento inicial Consejo de Europa
Unidad subordinada Conferencia Permanente de Autoridades Locales y Regionales de Europa
9 (RLIN) 2377
830 #0 - ENCABEZAMIENTO SECUNDARIO DE COLECCIÓN--TÍTULO UNIFORME
Título uniforme Studies and texts
Designación de volumen o secuencia no. 21
9 (RLIN) 32089
902 ## - CES. TIPO DE DOCUMENTO
Tipodoc (006$c Sirtex) LIB Libro
942 ## - ELEMENTOS KOHA
Fuente de clasificaión o esquema Clasificación propia del CES
Koha [por defecto] tipo de item Monografías
Parte de clasificación 4.2.
Existencias
Número de registro Signatura completa Tipo de item de Koha
000102 DPT-89 Monografías
001853 DPT-3576 Monografías
© CES, Consejo Económico y Social de España 2021